000 00453nam a22001577a 4500
999 _c524914
_d524914
003 NUST
038 _aMr. Zahoor
082 _a005
100 _aAsim Abbas Kamboh
_915713
245 _aRegression Test Suite Minimization and Prioritization /
_cAsim Abbas Kamboh
260 _aIslamabad :
_bCEME - NUST.
_c2015.
300 _axi, 55 p. : ill. ;
_c30 cm.
500 _aHardcover.
600 _aComputer Engineering - MS Thesis
_915646
942 _2ddc
_cTHE